| 000 | 01542nam a2200421 i 4500 | ||
|---|---|---|---|
| 001 | DIGFCE1197 | ||
| 003 | NyNyDIG | ||
| 006 | m o d | ||
| 007 | cr ||||||||||| | ||
| 008 | 220905s2018 mx a ob 000 0bspa d | ||
| 035 | _a(OCoLC)1350508648 | ||
| 040 |
_aDGITA _beng _erda _epn _cDGITA |
||
| 020 |
_a9786071656469 _qeBook _qePub |
||
| 020 |
_a9786071656452 _qePub, obra completa |
||
| 050 | 1 | 4 | _aPQ7297.R386 ebook |
| 100 | 1 |
_aReyes, Alfonso, _d1889-1959, _eauthor. |
|
| 245 | 1 | 0 |
_aParentalia : _bprimer libro de recuerdos : (1957) / _cAlfonso Reyes. |
| 250 | _aPrimera edición electrónica. | ||
| 264 | 1 |
_aCiudad de México : _bFondo de Cultura Económica, _c2018. |
|
| 300 |
_a1 online resource : _billustrations. |
||
| 336 |
_atext _btxt _2rdacontent |
||
| 337 |
_acomputer file _bc _2rdamedia |
||
| 338 |
_aonline resource _bcr _2rdacarrier |
||
| 347 |
_atext file _2rdaft |
||
| 347 | _bEPUB | ||
| 490 | 1 | _aVida y pensamiento de México | |
| 504 | _aIncludes bibliographical references. | ||
| 588 | 0 | _aOnline resource; title from ePub title page (Digitalia, viewed September 05, 2022) | |
| 600 | 1 | 0 |
_aReyes, Alfonso, _d1889-1959 _vBiography. |
| 655 | 7 |
_aBiographies. _2lcgft |
|
| 655 | 0 | _aElectronic books. | |
| 791 | 2 |
_aDigitalia (Firm), _edistributor. |
|
| 793 | 0 |
_gDigitalia eBook Collection: _aFondo de Cultura Económica |
|
| 830 | 0 | _aVida y pensamiento de México. | |
| 856 | 4 | 0 |
_3Digitalia Hispánica _uhttps://www.digitaliapublishing.com/a/64927/ |
| 910 | _aPremium collection: 2022 | ||
| 942 | _cRAA | ||
| 999 |
_c260455 _d260455 |
||